Webstránka musí rešpektovať priority a špecifiká firmy pekná internetová stránka nie je automaticky aj efektívna
Tvorba a budovanie webovej stránky patrí medzi najefektívnejšie súčasti marketingových aktivít. Základné princípy a aktualizácia obsahu každej webstránky. Stránky pre verejnosť a obchodných partnerov. Internetový katalóg a tvorba databázy.
Salvato in:
| Autore principale: | |
|---|---|
| Natura: | Capitolo di libro |
| Lingua: | slovacco |
| Soggetti: | |
| Tags: |
Nessun Tag, puoi essere il primo ad aggiungerne!!
|
MARC
| LEADER | 00000naa a2200000 4500 | ||
|---|---|---|---|
| 001 | 0157427 | ||
| 005 | 20220725111724.0 | ||
| 041 | 0 | |a slo | |
| 044 | |a SK | ||
| 245 | 1 | 0 | |a Webstránka musí rešpektovať priority a špecifiká firmy |b pekná internetová stránka nie je automaticky aj efektívna |c Jana Škutková |
| 520 | |a Tvorba a budovanie webovej stránky patrí medzi najefektívnejšie súčasti marketingových aktivít. Základné princípy a aktualizácia obsahu každej webstránky. Stránky pre verejnosť a obchodných partnerov. Internetový katalóg a tvorba databázy. | ||
| 610 | 2 | 0 | |a marketing |
| 610 | 2 | 0 | |a stratégia obchodná |
| 610 | 2 | 0 | |a internet |
| 610 | 2 | 0 | |a stránky webové |
| 610 | 2 | 0 | |a komunikácia elektronická |
| 610 | 2 | 0 | |a komunikácia marketingová |
| 100 | 1 | |a Škutková, Jana | |